<?xml version="1.0" encoding="UTF-8"?>
<collection xmlns="http://www.loc.gov/MARC21/slim">
 <record>
  <leader>00955pamaa2200193   4500</leader>
  <controlfield tag="001">0000045325</controlfield>
  <controlfield tag="005">20090615090000.0</controlfield>
  <controlfield tag="008">090615                             eng  </controlfield>
  <datafield tag="020" ind1="0" ind2="0">
   <subfield code="a">0794503314 (pbk.) </subfield>
  </datafield>
  <datafield tag="090" ind1="0" ind2="0">
   <subfield code="a">Q121 </subfield>
   <subfield code="b">USB 2002</subfield>
  </datafield>
  <datafield tag="245" ind1="0" ind2="4">
   <subfield code="a">The Usborne Internet-linked science encyclopedia  </subfield>
   <subfield code="c">Kirsteen Rogers ... [et al.]; </subfield>
   <subfield code="f">designed by Ruth Russell ...[et al.]; </subfield>
   <subfield code="f">designed by Ruth Russell ...[et al.]; </subfield>
   <subfield code="f">digital illustrations by Verinder Bhachu; </subfield>
   <subfield code="f">designed by Ruth Russell ...[et al.]; </subfield>
   <subfield code="f">digital illustrations by Verinder Bhachu; </subfield>
   <subfield code="f">digital imagery by Joanne Kirkby.</subfield>
  </datafield>
  <datafield tag="260" ind1="0" ind2="0">
   <subfield code="a">London: </subfield>
   <subfield code="b">Usborne Publishing, </subfield>
   <subfield code="c">2002.</subfield>
  </datafield>
  <datafield tag="300" ind1=" " ind2=" ">
   <subfield code="a">448 p.: </subfield>
   <subfield code="b">col. ill., col. maps; </subfield>
   <subfield code="c">25 cm.</subfield>
  </datafield>
  <datafield tag="500" ind1="0" ind2="0">
   <subfield code="a">Includes web-linked resources and index</subfield>
  </datafield>
  <datafield tag="650" ind1="0" ind2="0">
   <subfield code="a">Science -- </subfield>
   <subfield code="x">Computer network resources -- </subfield>
   <subfield code="x">Juvenile literature </subfield>
  </datafield>
  <datafield tag="650" ind1="0" ind2="0">
   <subfield code="a">Science -- </subfield>
   <subfield code="x">Encyclopedias, Juvenile </subfield>
  </datafield>
  <datafield tag="650" ind1="0" ind2="0">
   <subfield code="a">Science -- </subfield>
   <subfield code="x">Encyclopedias </subfield>
  </datafield>
  <datafield tag="700" ind1="1" ind2="1">
   <subfield code="a">Rogers, </subfield>
   <subfield code="h">Kirsteen </subfield>
  </datafield>
  <datafield tag="901" ind1=" " ind2=" ">
   <subfield code="u">www.usborne.com</subfield>
  </datafield>
 </record>
</collection>
